Verbs: Action… or Linking? - Statistics

General Stats
  • This quiz has been taken 134 times
  • The average score is 13 of 20
Answer Stats
Question Answer % Correct
The chef always tastes the soup to check its flavor. action
97%
Babe Ruth hit 714 home runs in his career. action
94%
Tom's wife suddenly appeared in the doorway. action
94%
That house on the hill seems spooky. linking
91%
Can you jump over to that ledge? action
88%
I can smell a horrible odor wafting about. action
88%
Alice was curious about the open door. linking
88%
Johnny, you are my favorite customer. linking
85%
The food went bad on the kitchen counter. linking
82%
Herman thinks he is better than everyone else. action
73%
Patricia feels the soft fabric before buying it. action
73%
The Devil went down to Georgia. action
70%
The girl wants a golden egg-laying goose. action
55%
The soup tastes too salty. linking
55%
She feels tired after a long day in the factory. linking
45%
Outer space smells vaguely like burnt steak. linking
45%
The beast grows hungrier by the minute. linking
39%
The foliage turned a brilliant orange in the autumn. linking
33%
The man has 286 vehicles in his collection. action
27%
The caterpillar became a beautiful butterfly. linking
24%
No matching quizzes found
Score Distribution
Percent of People with Each Score
Percentile by Number Answered
Your Score History
You have not taken this quiz